Central Library OPAC University of Rajshahi

বঙ্গবন্ধুর ভাষা ও সাংস্কৃতিক ভাবনা / (Record no. 80773)

MARC details
000 -LEADER
fixed length control field 00906nam a2200229 a 4500
001 - CONTROL NUMBER
control field 80773
003 - CONTROL NUMBER IDENTIFIER
rucl marc code BD-RjUL
005 - DATE AND TIME OF LATEST TRANSACTION
control field 20221114153124.0
008 - FIXED-LENGTH DATA ELEMENTS--GENERAL INFORMATION
fixed length control field 221114s2021 bg ||||| |||| 00| 0 ben d
020 ## - INTERNATIONAL STANDARD BOOK NUMBER
International Standard Book Number 9789843490025
035 ## - SYSTEM CONTROL NUMBER
System control number (BD-RjUL)80773
040 ## - CATALOGING SOURCE
Original cataloging agency BD-RjUL
Language of cataloging eng
Transcribing agency BD-RjUL
041 ## - LANGUAGE CODE
Language code of text/sound track or separate title ben
082 ## - DEWEY DECIMAL CLASSIFICATION NUMBER
Edition number 23
Classification number 954.9205092
Author mark and year BAV 2021
245 ## - TITLE STATEMENT
Title বঙ্গবন্ধুর ভাষা ও সাংস্কৃতিক ভাবনা /
Statement of responsibility, etc. এস এম আনোয়ারা (সম্পাদক)
260 ## - PUBLICATION, DISTRIBUTION, ETC. (IMPRINT)
Place of publication, distribution, etc. ঢাকা :
Name of publisher, distributor, etc. প্রিয় বুক সেন্টার,
Date of publication, distribution, etc. ২০২১
300 ## - PHYSICAL DESCRIPTION
Pagination ২৫৫ পৃ.;
Size ২২ সেমি.
600 ## - SUBJECT ADDED ENTRY--PERSONAL NAME
Personal name মুজিবুর রহমান, শেখ,
Dates associated with a name ১৯২০-১৯৭৫
Titles and other words associated with a name Mujibur Rahman, Sheikh,
Dates associated with a name 1920-1975
700 ## - ADDED ENTRY--PERSONAL NAME
Personal name আনোয়ারা, এস এম
942 ## - ADDED ENTRY ELEMENTS (KOHA)
Source of classification or shelving scheme Dewey Decimal Classification
Koha item type Books
Holdings
Lost status Source of classification or shelving scheme Damaged status Not for loan Collection code Permanent Location Current Location Shelving location Date acquired Source of acquisition Cost, normal purchase price Total Checkouts Full call number Date last seen Copy number Koha item type Date checked out
  Dewey Decimal Classification   Not For Loan Non-fiction Central Library, University of Rajshahi Central Library, University of Rajshahi Reading Room 24/10/2022 National Publication 350.00   B 954.9205092 BAV 2021 14/11/2022 C-1 Books  
  Dewey Decimal Classification     Non-fiction Central Library, University of Rajshahi Central Library, University of Rajshahi General Stacks 24/10/2022 National Publication 350.00 1 B 954.9205092 BAV 2021 27/08/2024 C-2 Books 02/06/2024